00611nam a2200205Ia 450000500170000000800410001702000150005808200210007310000140009424500630010826000520017130000120022365000110023565000150024665000100026165000160027194200060028795200970029399900150039020250122055749.0240331s9999 xx 000 0 und d a8124104190 bKUM21867a305.3 aKumari, R 0aGender, Work and Power Relations:bA case study of Haryana aNew DelhibHar-Anand Publications Pvt Ltdc1998 a332 p., aGender aCase study aWomen aDevelopment cL 001040708LaWERCLbWERCLcSSCd2024-03-31l0o 305.3 KUMp1867r2024-03-31w2024-03-31yL c1597d1597